Where the sidewalk ends : (Record no. 1489)

MARC details
000 -LEADER
fixed length control field 01387cam a2200289 a 4500
005 - DATE AND TIME OF LATEST TRANSACTION
control field 20251007085452.0
020 ## - INTERNATIONAL STANDARD BOOK NUMBER
International Standard Book Number 0060256672
020 ## - INTERNATIONAL STANDARD BOOK NUMBER
International Standard Book Number 9780060256678
020 ## - INTERNATIONAL STANDARD BOOK NUMBER
International Standard Book Number 0060256680
020 ## - INTERNATIONAL STANDARD BOOK NUMBER
International Standard Book Number 9780060256685
040 ## - CATALOGING SOURCE
Original cataloging agency MUS
Language of cataloging eng
Transcribing agency MUS
Modifying agency NXA
-- HT#
-- BAKER
-- XXH
-- KEU
-- ZXC
-- OCLCF
-- DLC
050 00 - LIBRARY OF CONGRESS CALL NUMBER
Classification number PS3569.I47224
Item number W48 2002
082 00 - DEWEY DECIMAL CLASSIFICATION NUMBER
Classification number 811/.54
Edition number 23
100 1# - MAIN ENTRY--PERSONAL NAME
Personal name Silverstein, Shel.
245 10 - TITLE STATEMENT
Title Where the sidewalk ends :
Remainder of title the poems & drawings of Shel Silverstein.
246 30 - VARYING FORM OF TITLE
Title proper/short title Poems & drawings of Shel Silverstein
260 ## - PUBLICATION, DISTRIBUTION, ETC.
Place of publication, distribution, etc. New York :
Name of publisher, distributor, etc. HarperCollinsPublishers,
Date of publication, distribution, etc. 2002
300 ## - PHYSICAL DESCRIPTION
Extent 166 pages :
Other physical details illustrations ;
Dimensions 23 cm.
520 ## - SUMMARY, ETC.
Summary, etc. A boy who turns into a TV set and a girl who eats a whale are only two of the characters in a collection of humorous poetry illustrated with the author's own drawings. Come in - for where the sidewalk ends, Shel Silverstein's world begins. The Unicorn and the Bloath live there, and so does Sarah Cynthia Sylvia Stout who will not take the garbage out. It is a place where you wash your shadow and plant diamond gardens, a place where shoes fly, sisters are auctioned off, and crocodiles go to the dentist.
521 ## - TARGET AUDIENCE NOTE
Target audience note NP
650 #0 - SUBJECT ADDED ENTRY--TOPICAL TERM
Topical term or geographic name entry element Humorous poetry, American.
650 #0 - SUBJECT ADDED ENTRY--TOPICAL TERM
Topical term or geographic name entry element Children's poetry, American.
650 #1 - SUBJECT ADDED ENTRY--TOPICAL TERM
Topical term or geographic name entry element Humorous poetry.
906 ## - LOCAL DATA ELEMENT F, LDF (RLIN)
a 7
b cbc
c copycat
d 2
e ncip
f 20
g y-gencatlg
942 ## - ADDED ENTRY ELEMENTS (KOHA)
Source of classification or shelving scheme Dewey Decimal Classification
Koha item type Books
Suppress in OPAC No
999 ## -
-- 1489
-- 1489
Holdings
Withdrawn status Lost status Source of classification or shelving scheme Damaged status Not for loan Collection Home library Current library Shelving location Date acquired Total Checkouts Full call number Barcode Date last seen Date last checked out Copy number Price effective from Koha item type
    Dewey Decimal Classification     Non-Fiction Footprints International School Library Network Toul Kork Campus Footprints International School Library Network Toul Kork Campus   08/28/2023 1 SIL 811.54 PS3569.I47224 FISTK00003 09/28/2023 09/14/2023 1 08/28/2023 Books
    Dewey Decimal Classification     Non-Fiction Footprints International School Library Network Toul Tom Poung Campus Footprints International School Library Network Toul Tom Poung Campus Librarian's Shelf TTP 02/27/2024   SIL PZ8.S5844 811.54 2024-0128 02/27/2024   2 02/27/2024 Books